Score 0/20 Timer 04:00
4 Plays Today
% Correct
Easter
95.7%
Halloween
95.6%
Father's Day
95.1%
Saint Patrick's Day
94.4%
Mother's Day
93.3%
New Year's Day
92.3%
Thanksgiving
92.2%
Valentine's Day
92.2%
Christmas
91.7%
Earth Day
89.8%
% Correct
Pi Day
87.3%
Veterans Day
84.2%
Groundhog Day
83.1%
Hanukkah
79.4%
Canada Day
74.4%
Mardi Gras
70.9%
Bastille Day
57.2%
Kwanzaa
50.2%
Guy Fawkes Night
47.1%
Remembrance Day
36.4%

You're not logged in!

Compare scores with friends on all Sporcle quizzes.
OR
Log In

Sporcle TV

Today on Sporcle TV


Watch our educational content, quiz creation guides, and fun videos on Sporcle TV.

Show Comments

Extras

Top Quizzes Today


Score Distribution

Your Account Isn't Verified!

In order to create a playlist on Sporcle, you need to verify the email address you used during registration. Go to your Sporcle Settings to finish the process.

Report this User

Report this user for behavior that violates our Community Guidelines.

Details: